| 000 | 00782nam a22002177a 4500 | ||
|---|---|---|---|
| 999 |
_c12292 _d12292 |
||
| 003 | AR-CdUCM | ||
| 008 | 190402b ||||| |||| 00| 0 spa d | ||
| 020 | _a9972-645-17-7 | ||
| 040 |
_aMUNICIPALIDAD PROVINCIAL DEL CUSCO _cBIBLIOTECA MUNICIPAL DEL CUSCO |
||
| 082 |
_aEP / 372.510 / _bC29 |
||
| 100 |
_aCarpio Delgado, Nancy Del _927853 |
||
| 245 |
_aMatemática Reflexiva 3 : _b3er grado de primaria / |
||
| 260 |
_aLima : _bLoresa, |
||
| 300 |
_a208 paginas ; _c28 cm. |
||
| 500 | _aMatematicas Basicas para 3er grado | ||
| 505 | _aContenido :Relación de pertenencia -- Numeración -- Multiplicación -- Adición y sustracción -- División ... | ||
| 650 |
_aMatematica _920026 |
||
| 650 |
_aNúmeros naturales _920995 |
||
| 942 |
_2ddc _cLIBROS |
||
| 945 |
_arum _d2019-04-08 |
||